Herramientas para la gestión turística del patrimonio cultural: Manual para gestores culturales.
Uloženo v:
| Hlavní autor: | |
|---|---|
| Médium: | Kniha |
| Vydáno: |
Gijón, Asturias, España:
Trea,
2016.
|
| Edice: | Biblioteconomía y Administración Cultura,
|
| Témata: | |
| Tagy: |
Přidat tag
Žádné tagy, Buďte první, kdo vytvoří štítek k tomuto záznamu!
|
MARC
| LEADER | 00000nam a22000007a 4500 | ||
|---|---|---|---|
| 003 | CL-VaPUC | ||
| 005 | 20250407202500.0 | ||
| 008 | 250321t2016 ||||| |||| 00| 0 eng d | ||
| 999 | |c 447597 |d 447595 | ||
| 020 | |a 978-84-9704-906-1 | ||
| 040 | |c Pontificia Universidad Católica de Valparaíso | ||
| 082 | |a 338.4791 MAR 2016 | ||
| 100 | |9 897391 |a Martos Molina, Marta |e autora | ||
| 245 | |a Herramientas para la gestión turística del patrimonio cultural: |b Manual para gestores culturales. | ||
| 260 | |a Gijón, Asturias, España: |b Trea, |c 2016. | ||
| 300 | |a 271 páginas. | ||
| 490 | |a Biblioteconomía y Administración Cultura, |n 286. | ||
| 500 | |a c.1-c.2. Instituto Arcos.08-01-2025. | ||
| 583 | |c 20250321 |k Gabriela Rodríguez Cuevas | ||
| 650 | 0 | |9 521696 |a Gestión cultural | |
| 650 | 0 | |9 366372 |a Turismo cultural | |
| 650 | 0 | |9 309364 |a Patrimonio cultural |x Protección y conservación | |
| 942 | |2 ddc |c BK |n 0 | ||
| 952 | |0 0 |1 0 |2 ddc |4 0 |6 338_479100000000000_MAR_2016 |7 0 |8 A |9 601782 |a BIBINC |b BIBINC |d 2025-03-21 |e Instituto Arcos |i 5666567 |o 338.4791 MAR 2016 |p 5666567 |r 2025-03-21 |t 1 |w 2025-03-21 |y BK |k IFP | ||
| 952 | |0 0 |1 0 |2 ddc |4 0 |6 338_479100000000000_MAR_2016 |7 0 |8 A |9 601783 |a BIBINC |b BIBINC |d 2025-03-21 |e Instituto Arcos |i 5666568 |o 338.4791 MAR 2016 |p 5666568 |r 2025-03-21 |t 2 |w 2025-03-21 |y BK |k IFP | ||